|
|
|
|
| LEADER |
00760cam a2200217 7i4500 |
| 001 |
0000032011 |
| 005 |
20170218090000.0 |
| 008 |
100212 eng |
| 020 |
|
|
|a 8183291678 (hbk.)
|
| 020 |
|
|
|a 9788183291675 (hbk.)
|
| 090 |
0 |
0 |
|a P96.D39
|b K46 2007
|
| 100 |
1 |
|
|a Kem, Deepak,
|c Dr
|
| 245 |
1 |
0 |
|a Democracy and media
|c Deepak Kem.
|
| 260 |
|
|
|a New Delhi:
|b Shree Pub. & Dis.,
|c 2007.
|
| 300 |
|
|
|a 264 p.;
|c 23 cm.
|
| 504 |
|
|
|a Includes bibliographical references and index
|
| 650 |
0 |
0 |
|a Mass media --
|x Political aspects
|
| 650 |
0 |
0 |
|a Democracy
|
| 997 |
|
|
|a Communication, Visual Art & Computing, Faculty
|b Communication, Department
|
| 998 |
|
|
|a Media & Communication, Diploma
|
| 999 |
|
|
|a 0000038320
|b BOK
|c OPEN SHELF
|e 1st Floor, Bestari Jaya
|